Материалы на основе активированного высококремнезёмистого сырья; Проблемы геологии и освоения недр

Bibliographic Details
Parent link:Проблемы геологии и освоения недр.— 2009.— С. 856-858
Main Author: Митина Н. А. Наталия Александровна
Other Authors: Верещагин В. И. Владимир Иванович (научный руководитель)
Language:Russian
Published: 2009
Subjects:
Format: MixedMaterials Book Chapter
KOHA link:https://koha.lib.tpu.ru/cgi-bin/koha/opac-detail.pl?biblionumber=182270

MARC

LEADER 00000naa2a2200000 4500
001 182270
005 20240207093308.0
035 |a (RuTPU)RU\TPU\book\197603 
090 |a 182270 
100 |a 20100618d2009 k y0rusy50 ca 
101 0 |a rus 
102 |a RU 
200 1 |a Материалы на основе активированного высококремнезёмистого сырья  |f Н. А. Митина  |g науч. рук. В. И. Верещагин 
320 |a Библиогр.: 4 назв. 
463 0 |0 (RuTPU)RU\TPU\book\186895  |y 978-5-98298-569-9  |t Проблемы геологии и освоения недр  |o труды XIII Международного симпозиума имени академика М. А. Усова студентов и молодых ученых, посвященного 110-летию со дня рождения К. В. Радугина  |f Томский политехнический университет (ТПУ), Институт геологии и нефтегазового дела (ИГНД)  |v С. 856-858  |d 2009  |p 993 с. 
610 1 |a кремнезёмы 
610 1 |a силикатные материалы 
610 1 |a производство 
610 1 |a вяжущие 
610 1 |a керамические вяжущие 
610 1 |a песок 
610 1 |a строительные материалы 
610 1 |a прочность 
610 1 |a сжатие 
610 1 |a кварцевый песок 
610 1 |a труды учёных ТПУ 
700 1 |a Митина  |b Н. А.  |c химик-технолог  |c доцент Томского политехнического университета, кандидат технических наук  |f 1974-  |g Наталия Александровна  |3 (RuTPU)RU\TPU\pers\25618  |9 11547 
702 1 |a Верещагин  |b В. И.  |c химик-технолог  |c профессор Томского политехнического университета, доктор технических наук  |f 1942-  |g Владимир Иванович  |3 (RuTPU)RU\TPU\pers\19774  |4 727  |9 7712 
801 1 |a RU  |b 63413507  |c 20100618 
801 2 |a RU  |b 63413507  |c 20171107  |g RCR 
942 |c BK